|
|
|
|
| LEADER |
01135naa a2200217 i 4500 |
| 001 |
acta78973 |
| 005 |
20230626080108.0 |
| 008 |
230626s2023 hu o 1|| hun d |
| 024 |
7 |
|
|a 10.14232/gytk.unkp.2023.6
|2 doi
|
| 040 |
|
|
|a SZTE Egyetemi Kiadványok Repozitórium
|b hun
|
| 041 |
|
|
|a hun
|
| 100 |
1 |
|
|a Földes Frézia
|
| 245 |
1 |
3 |
|a In situ gélesedő polimer micelláris rendszerek az orrüreg hatékony antibakteriális terápiájának megvalósítási érdekében
|h [elektronikus dokumentum] :
|b [absztrakt] /
|c Földes Frézia
|
| 260 |
|
|
|a Szegedi Tudományegyetem, Gyógyszerésztudományi Kar
|b Szeged
|c 2023
|
| 300 |
|
|
|a 11
|
| 490 |
0 |
|
|a Új Nemzeti Kiválósági Program : az SZTE Gyógyszerésztudományi Kar ÚNKP díjazottjainak tudományos előadóülése
|
| 650 |
|
4 |
|a Orvos- és egészségtudomány
|
| 650 |
|
4 |
|a Általános orvostudomány
|
| 695 |
|
|
|a Gyógyszertan - előadáskivonat, Gyógyszerkémia - előadáskivonat, Gyógyszertechnológia - előadáskivonat
|
| 711 |
|
|
|a Új Nemzeti Kiválósági Program
|c Szeged
|d 2023. június 30.
|
| 856 |
4 |
0 |
|u http://acta.bibl.u-szeged.hu/78973/1/unkp_2023_006.pdf
|z Dokumentum-elérés
|